Tradition to modernity : (Record no. 2017)

MARC details
000 -LEADER
fixed length control field 00787nam a22002777a 4500
003 - CONTROL NUMBER IDENTIFIER
control field NLI
005 - DATE AND TIME OF LATEST TRANSACTION
control field 20210927113545.0
008 - FIXED-LENGTH DATA ELEMENTS--GENERAL INFORMATION
fixed length control field 210315b2013 ii ||||| |||| 00| 0 eng d
020 ## - INTERNATIONAL STANDARD BOOK NUMBER
International Standard Book Number 9789382624097
Terms of availability Rs.270.00
Qualifying information (pbk)
040 ## - CATALOGING SOURCE
Original cataloging agency NLI
Language of cataloging eng
Transcribing agency English Processing Division
041 0# - LANGUAGE CODE
Language code of text/sound track or separate title eng
044 ## - COUNTRY OF PUBLISHING/PRODUCING ENTITY CODE
MARC country code ii
082 04 - DEWEY DECIMAL CLASSIFICATION NUMBER
Edition number 23rd ed.
Classification number 294.50954162
Item number B 25
100 1# - MAIN ENTRY--PERSONAL NAME
Linkage 880-01
Personal name Barman, Sivanath
9 (RLIN) 2865
245 10 - TITLE STATEMENT
Linkage 880-02
Title Tradition to modernity :
Remainder of title essays on Assam/
Statement of responsibility, etc. Sivanath Barman
260 ## - PUBLICATION, DISTRIBUTION, ETC.
Place of publication, distribution, etc. Guwahati :
Name of publisher, distributor, etc. Bhabani Books,
Date of publication, distribution, etc. 2013
300 ## - PHYSICAL DESCRIPTION
Extent x, 222 p.;
Dimensions 22 cm.
651 #0 - SUBJECT ADDED ENTRY--GEOGRAPHIC NAME
Geographic name Assam(India)
General subdivision Civilization
9 (RLIN) 2866
651 #0 - SUBJECT ADDED ENTRY--GEOGRAPHIC NAME
Geographic name India
Geographic subdivision Assam
9 (RLIN) 2867
700 1# - ADDED ENTRY--PERSONAL NAME
Linkage 880-03
880 1# - ALTERNATE GRAPHIC REPRESENTATION
Linkage 100-01
887 ## - NON-MARC INFORMATION FIELD
Content of non-MARC field Somnath Panja
887 ## - NON-MARC INFORMATION FIELD
Content of non-MARC field Atanu Mitra 21
942 ## - ADDED ENTRY ELEMENTS (KOHA)
Source of classification or shelving scheme Dewey Decimal Classification
Koha item type Books

No items available.

                                                                           
web counter

Copyright ©2020 The National Library of India, Govt. of India ↔ Hosted by NVLI, MOC ↔ Technology and Design by National Library of India, Ministry of Culture, Govt. of India